[Event "EUYCC 2024 U12"]
[Site "?"]
[Date "2024.08.09"]
[Round "5.9"]
[White "Janouskova, Eliska"]
[Black "Skytte, Robert"]
[Result "1-0"]
[BlackElo "1866"]
[WhiteElo "1672"]
[LiveChessVersion "1.4.8"]

1. e4 {[%clk 1:30:56]} c5 {[%clk 1:30:48]} 2. d4 {[%clk 1:29:54]} cxd4
{[%clk 1:31:02]} 3. c3 {[%clk 1:30:20]} Nf6 {[%clk 1:31:30]} 4. e5
{[%clk 1:30:11]} Nd5 {[%clk 1:31:42]} 5. cxd4 {[%clk 1:30:35]} e6
{[%clk 1:31:55]} 6. Nf3 {[%clk 1:30:22]} Nc6 {[%clk 1:32:10]} 7. Bc4
{[%clk 1:28:21]} Nb6 {[%clk 1:32:08]} 8. Bd3 {[%clk 1:27:06]} Be7
{[%clk 1:32:15]} 9. O-O {[%clk 1:27:08]} O-O {[%clk 1:32:14]} 10. Nc3
{[%clk 1:24:30]} d6 {[%clk 1:31:43]} 11. Qe2 {[%clk 1:22:01]} dxe5
{[%clk 1:32:03]} 12. dxe5 {[%clk 1:18:22]} Nd4 {[%clk 1:31:04]} 13. Nxd4
{[%clk 1:14:00]} Qxd4 {[%clk 1:31:15]} 14. Rd1 {[%clk 1:08:54]} Qh4
{[%clk 1:31:07]} 15. Qf3 {[%clk 1:03:23]} f6 {[%clk 1:30:04]} 16. exf6
{[%clk 0:54:16]} Rxf6 {[%clk 1:29:16]} 17. Qg3 {[%clk 0:52:19]} Qb4
{[%clk 1:27:14]} 18. Bg5 {[%clk 0:49:50]} Rf8 {[%clk 1:21:00]} 19. a3
{[%clk 0:46:29]} Qc5 {[%clk 1:21:09]} 20. Ne4 {[%clk 0:46:06]} Qc6
{[%clk 1:20:11]} 21. Bxe7 {[%clk 0:45:15]} Rf7 {[%clk 1:20:18]} 22. Bb4
{[%clk 0:42:27]} Nd5 {[%clk 1:20:32]} 23. Rac1 {[%clk 0:41:12]} Qb6
{[%clk 1:20:39]} 24. Nd6 {[%clk 0:40:14]} Rf8 {[%clk 1:20:04]} 25. Nxc8
{[%clk 0:39:09]} Rfxc8 {[%clk 1:20:23]} 26. Qh3 {[%clk 0:35:48]} h6
{[%clk 1:19:54]} 27. Rxc8+ {[%clk 0:33:39]} Rxc8 {[%clk 1:19:52]} 28. Be4
{[%clk 0:31:26]} Nf4 {[%clk 1:19:12]} 29. Qf3 {[%clk 0:29:38]} e5
{[%clk 1:18:54]} 30. Bxb7 {[%clk 0:28:37]} Rb8 {[%clk 1:18:11]} 31. Bd5+
{[%clk 0:27:43]} Kh8 {[%clk 1:17:47]} 32. Qe3 {[%clk 0:24:44]} Qc7
{[%clk 1:16:15]} 33. Bf3 {[%clk 0:23:21]} Rc8 {[%clk 1:15:46]} 34. Bc3
{[%clk 0:20:49]} Re8 {[%clk 1:15:49]} 35. Bg4 {[%clk 0:18:36]} Re7
{[%clk 1:15:00]} 36. Bb4 {[%clk 0:18:15]} Re8 {[%clk 1:14:07]} 37. g3
{[%clk 0:17:41]} h5 {[%clk 1:14:11]} 38. Bf5 {[%clk 0:16:21]} g6 {[%clk 1:13:52]}
39. Bd7 {[%clk 0:15:16]} Rd8 {[%clk 1:13:18]} 40. gxf4 {[%clk 0:15:06]} Rxd7
{[%clk 1:13:41]} 41. Rxd7 {[%clk 0:15:25]} Qxd7 {[%clk 1:14:07]} 42. Qxe5+
{[%clk 0:15:42]} Kg8 {[%clk 1:14:31]} 43. Qe2 {[%clk 0:14:46]} Kf7
{[%clk 1:13:30]} 44. Qc4+ Kg7 {[%clk 1:13:12]} 45. Bc3+ {[%clk 0:13:12]} Kf8
{[%clk 1:12:55]} 46. Qe2 {[%clk 0:12:27]} Kf7 {[%clk 1:13:14]} 47. f3
{[%clk 0:11:54]} Qf5 {[%clk 1:13:00]} 48. Qe4 {[%clk 0:11:10]} Qc5+
{[%clk 1:13:18]} 49. Qd4 {[%clk 0:11:19]} Qf5 {[%clk 1:13:34]} 50. Qxa7+
{[%clk 0:11:23]} Ke8 {[%clk 1:13:50]} 51. Qb8+ {[%clk 0:11:10]} Kd7
{[%clk 1:14:13]} 52. Qb7+ {[%clk 0:10:59]} Kd8 {[%clk 1:14:27]} 53. Ba5+
{[%clk 0:11:15]} Qxa5 {[%clk 1:14:52]} 54. Qb4 {[%clk 0:09:38]} Qd5
{[%clk 1:14:53]} 55. Qb6+ {[%clk 0:06:05]} Kd7 {[%clk 1:14:48]} 56. Qf2
{[%clk 0:06:00]} Qc6 {[%clk 1:14:42]} 57. Kg2 {[%clk 0:05:08]} Qf6
{[%clk 1:14:48]} 58. Qd2+ {[%clk 0:04:20]} Ke7 {[%clk 1:14:48]} 59. b4
{[%clk 0:04:38]} Kf7 {[%clk 1:14:38]} 60. b5 {[%clk 0:04:26]} Qb6
{[%clk 1:14:45]} 61. a4 {[%clk 0:04:29]} Kf6 {[%clk 1:15:01]} 62. Qc3+
{[%clk 0:04:46]} Kf7 {[%clk 1:15:19]} 63. Qc4+ {[%clk 0:04:27]} Kg7
{[%clk 1:15:38]} 64. Qc3+ {[%clk 0:04:02]} Kf7 {[%clk 1:15:46]} 65. Qc6
{[%clk 0:04:22]} Qa5 {[%clk 1:16:02]} 66. Qc4+ {[%clk 0:03:50]} Kg7
{[%clk 1:16:18]} 67. Qd4+ {[%clk 0:04:17]} Kf7 {[%clk 1:16:39]} 68. b6
{[%clk 0:04:41]} Qa6 {[%clk 1:16:42]} 69. Qd5+ {[%clk 0:04:49]} Kg7
{[%clk 1:16:48]} 70. Qb5 {[%clk 0:04:56]} Qc8 {[%clk 1:17:01]} 71. Qe5+
{[%clk 0:04:37]} Kh6 {[%clk 1:17:17]} 72. Qg5+ {[%clk 0:04:49]} Kh7
{[%clk 1:17:34]} 73. Qe7+ {[%clk 0:05:13]} Kh6 {[%clk 1:18:00]} 74. Qc7
{[%clk 0:03:56]} Qe6 {[%clk 1:17:52]} 75. Qe5 {[%clk 0:03:08]} Qa2+
{[%clk 1:17:44]} 76. Kh3 {[%clk 0:03:30]} Kh7 {[%clk 1:17:43]} 77. b7
{[%clk 0:02:18]} Qb3 {[%clk 1:12:39]} 78. Qe4 {[%clk 0:01:15]} Kh6
{[%clk 1:09:38]} 79. Kg3 {[%clk 0:01:09]} Qb6 {[%clk 1:09:28]} 80. Kh3
{[%clk 0:00:42]} Qb3 {[%clk 1:05:06]} 81. a5 {[%clk 0:00:34]} Qd1
{[%clk 1:04:56]} 82. Qe3 {[%clk 0:00:38]} Qd7+ {[%clk 1:04:41]} 83. f5+
{[%clk 0:00:52]} Kh7 {[%clk 1:04:55]} 84. b8=Q {[%clk 0:00:52]} Qxf5+
{[%clk 1:05:21]} 85. Kg3 {[%clk 0:01:12]} h4+ {[%clk 1:05:45]} 86. Kf2
{[%clk 0:01:08]} Qc2+ {[%clk 1:06:08]} 87. Ke1 {[%clk 0:01:22]} 1-0

[Event "EUYCC 2024 U12"]
[Site "?"]
[Date "2024.08.09"]
[Round "5.12"]
[White "Bannoura, Daniel"]
[Black "Zvolanek, Vojtech"]
[Result "1-0"]
[BlackElo "1601"]
[WhiteElo "1483"]
[LiveChessVersion "1.4.8"]

1. c4 {[%clk 1:30:57]} e5 {[%clk 1:30:52]} 2. g3 {[%clk 1:31:17]} Nc6
{[%clk 1:30:47]} 3. Bg2 {[%clk 1:31:36]} Bc5 {[%clk 1:30:47]} 4. d3
{[%clk 1:30:51]} Nge7 {[%clk 1:30:46]} 5. a3 {[%clk 1:30:12]} a5 {[%clk 1:30:00]}
6. Nc3 {[%clk 1:29:18]} O-O {[%clk 1:29:39]} 7. e3 {[%clk 1:27:48]} d6
{[%clk 1:29:12]} 8. Nge2 {[%clk 1:26:52]} Be6 {[%clk 1:28:36]} 9. d4
{[%clk 1:25:03]} exd4 {[%clk 1:13:43]} 10. exd4 {[%clk 1:25:11]} Bxc4
{[%clk 1:11:32]} 11. dxc5 {[%clk 1:25:10]} dxc5 {[%clk 1:08:38]} 12. Be3
{[%clk 1:21:42]} b6 {[%clk 1:02:13]} 13. Qa4 {[%clk 1:19:03]} Bxe2
{[%clk 0:53:22]} 14. Nxe2 {[%clk 1:18:54]} Qe8 {[%clk 0:51:43]} 15. Qg4
{[%clk 1:18:09]} Rd8 {[%clk 0:40:22]} 16. O-O {[%clk 1:16:59]} Ng6
{[%clk 0:36:01]} 17. Rfe1 {[%clk 1:16:48]} Nce5 {[%clk 0:35:24]} 18. Qf5
{[%clk 1:10:16]} Nc4 {[%clk 0:32:36]} 19. Nc3 {[%clk 1:06:20]} Qd7
{[%clk 0:21:34]} 20. Qc2 {[%clk 1:05:58]} Rfe8 {[%clk 0:17:53]} 21. Rad1
{[%clk 0:59:29]} Qg4 {[%clk 0:15:57]} 22. Rxd8 {[%clk 0:58:00]} Rxd8
{[%clk 0:16:00]} 23. Nd5 {[%clk 0:56:17]} Nxe3 {[%clk 0:12:13]} 24. Rxe3
{[%clk 0:56:29]} Qd7 {[%clk 0:10:38]} 25. Qe2 {[%clk 0:54:42]} Rc8
{[%clk 0:06:19]} 26. Bh3 {[%clk 0:49:36]} Qxd5 {[%clk 0:01:17]} 27. Bxc8
{[%clk 0:49:54]} h6 {[%clk 0:01:30]} 28. h4 {[%clk 0:49:41]} Qa2 {[%clk 0:01:25]}
29. Re8+ {[%clk 0:49:43]} Kh7 {[%clk 0:01:04]} 30. Bf5 {[%clk 0:49:56]} Qa1+
{[%clk 0:01:16]} 31. Kh2 {[%clk 0:50:13]} Qa2 {[%clk 0:01:06]} 32. h5
{[%clk 0:50:35]} Qd5 {[%clk 0:01:09]} 33. Rh8+ {[%clk 0:50:39]} Kxh8
{[%clk 0:01:06]} 34. Qe8+ {[%clk 0:50:51]} Kh7 {[%clk 0:01:26]} 35. hxg6+
{[%clk 0:51:07]} fxg6 {[%clk 0:01:41]} 36. Bxg6# 1-0

[Event "EUYCC 2024 U12"]
[Site "?"]
[Date "2024.08.09"]
[Round "5.13"]
[White "Hrckova, Anna"]
[Black "Hamernikova, Iris"]
[Result "1-0"]
[BlackElo "1448"]
[WhiteElo "1586"]
[LiveChessVersion "1.4.8"]

1. e4 {[%clk 1:30:57]} d5 {[%clk 1:30:50]} 2. exd5 {[%clk 1:31:11]} Nf6
{[%clk 1:31:15]} 3. Nf3 {[%clk 1:16:09]} Nxd5 {[%clk 1:28:59]} 4. Bc4
{[%clk 1:16:28]} Nc6 {[%clk 1:27:04]} 5. O-O {[%clk 1:15:35]} Bg4
{[%clk 1:27:28]} 6. h3 {[%clk 1:15:01]} Bh5 {[%clk 1:27:53]} 7. d4
{[%clk 1:14:56]} Nf6 {[%clk 1:21:27]} 8. Bg5 {[%clk 1:06:39]} Bxf3
{[%clk 1:21:03]} 9. Qxf3 {[%clk 0:59:51]} Nxd4 {[%clk 1:20:07]} 10. Qxb7
{[%clk 0:59:16]} Rb8 {[%clk 1:18:50]} 11. Qxa7 {[%clk 0:59:30]} Nxc2
{[%clk 1:19:15]} 12. Qa4+ {[%clk 0:59:37]} Nd7 {[%clk 1:19:37]} 13. Qxc2
{[%clk 0:59:49]} f6 {[%clk 1:19:30]} 14. Be3 {[%clk 0:57:58]} e5 {[%clk 1:18:32]}
15. Nc3 {[%clk 0:55:12]} h5 {[%clk 1:17:51]} 16. Nd5 {[%clk 0:49:54]} Bd6
{[%clk 1:17:17]} 17. Qg6+ {[%clk 0:49:33]} Kf8 {[%clk 1:17:41]} 18. Nxc7
{[%clk 0:48:35]} Qe7 {[%clk 1:17:45]} 19. Ne6+ {[%clk 0:48:30]} Kg8
{[%clk 1:16:34]} 20. Nxg7+ {[%clk 0:47:39]} Kf8 {[%clk 1:16:53]} 21. Ne6+
{[%clk 0:48:02]} 1-0

[Event "EUYCC 2024 U12"]
[Site "?"]
[Date "2024.08.10"]
[Round "6.1"]
[White "Petroff, Vlad"]
[Black "Bilochenko, Matvii"]
[Result "1/2-1/2"]
[BlackElo "1800"]
[WhiteElo "1997"]
[LiveChessVersion "1.4.8"]

1. d4 {[%clk 1:30:53]} Nf6 {[%clk 1:30:53]} 2. Nf3 {[%clk 1:31:17]} g6
{[%clk 1:31:13]} 3. Nbd2 {[%clk 1:31:01]} d5 {[%clk 1:30:41]} 4. e3
{[%clk 1:31:08]} Bg7 {[%clk 1:30:54]} 5. b4 {[%clk 1:30:29]} O-O {[%clk 1:28:55]}
6. c4 {[%clk 1:28:32]} c6 {[%clk 1:28:12]} 7. a4 {[%clk 1:21:48]} Bg4
{[%clk 1:24:55]} 8. Be2 {[%clk 1:19:18]} Nbd7 {[%clk 1:23:12]} 9. O-O
{[%clk 1:16:58]} Bxf3 {[%clk 1:20:27]} 10. Bxf3 {[%clk 1:16:09]} e5
{[%clk 1:17:02]} 11. Bb2 {[%clk 1:13:59]} e4 {[%clk 1:13:21]} 12. Be2
{[%clk 1:14:03]} Re8 {[%clk 1:10:32]} 13. Qb3 {[%clk 1:11:13]} h5
{[%clk 1:06:42]} 14. b5 {[%clk 1:08:18]} Nf8 {[%clk 0:59:06]} 15. cxd5
{[%clk 1:02:27]} cxd5 {[%clk 0:57:32]} 16. Rfc1 {[%clk 1:00:28]} Ne6
{[%clk 0:52:32]} 17. Rc3 {[%clk 0:54:53]} Qd7 {[%clk 0:41:44]} 18. Rac1
{[%clk 0:54:13]} Rec8 {[%clk 0:37:18]} 19. Ba3 {[%clk 0:49:27]} g5
{[%clk 0:32:46]} 20. Qc2 {[%clk 0:42:19]} Rxc3 {[%clk 0:30:34]} 21. Qxc3
{[%clk 0:42:30]} h4 {[%clk 0:29:20]} 22. Nb3 {[%clk 0:40:01]} b6 {[%clk 0:21:27]}
23. Qc6 {[%clk 0:34:49]} Qxc6 {[%clk 0:19:16]} 24. Rxc6 {[%clk 0:35:03]} Bf8
{[%clk 0:17:42]} 25. Bxf8 {[%clk 0:31:22]} Kxf8 {[%clk 0:17:19]} 26. Nc1
{[%clk 0:27:41]} Ke7 {[%clk 0:16:00]} 27. Na2 {[%clk 0:27:49]} Nd8
{[%clk 0:14:14]} 28. Rc7+ {[%clk 0:25:21]} Kd6 {[%clk 0:13:11]} 29. Rc1
{[%clk 0:24:37]} Ng8 {[%clk 0:11:29]} 30. Nb4 {[%clk 0:21:03]} Ne7
{[%clk 0:11:06]} 31. g4 {[%clk 0:18:36]} Rc8 {[%clk 0:08:22]} 32. Rxc8
{[%clk 0:17:16]} Nxc8 {[%clk 0:08:51]} 33. h3 {[%clk 0:16:44]} Ne7
{[%clk 0:08:26]} 34. Kg2 {[%clk 0:15:34]} Nb7 {[%clk 0:08:00]} 35. Na2
{[%clk 0:14:30]} Na5 {[%clk 0:07:46]} 1/2-1/2

[Event "EUYCC 2024 U12"]
[Site "?"]
[Date "2024.08.10"]
[Round "6.2"]
[White "Corral Nehama, Leo"]
[Black "Moravcik, Alex"]
[Result "1-0"]
[BlackElo "1762"]
[WhiteElo "1984"]
[LiveChessVersion "1.4.8"]

1. e4 {[%clk 1:30:30]} e6 {[%clk 1:30:28]} 2. d4 {[%clk 1:30:36]} d5
{[%clk 1:30:52]} 3. Nd2 {[%clk 1:30:00]} Nf6 {[%clk 1:30:56]} 4. e5
{[%clk 1:30:24]} Nfd7 {[%clk 1:31:21]} 5. Bd3 {[%clk 1:30:37]} c5
{[%clk 1:31:38]} 6. c3 {[%clk 1:30:51]} Nc6 {[%clk 1:31:20]} 7. Ne2
{[%clk 1:30:37]} cxd4 {[%clk 1:29:46]} 8. cxd4 {[%clk 1:30:33]} f6
{[%clk 1:29:40]} 9. exf6 {[%clk 1:30:15]} Nxf6 {[%clk 1:29:33]} 10. Nf3
{[%clk 1:30:33]} Bd6 {[%clk 1:26:32]} 11. O-O {[%clk 1:28:04]} Qc7
{[%clk 1:18:33]} 12. Ng3 {[%clk 1:22:12]} O-O {[%clk 1:16:35]} 13. Re1
{[%clk 1:14:24]} e5 {[%clk 1:14:33]} 14. dxe5 {[%clk 1:14:23]} Nxe5
{[%clk 1:14:54]} 15. Nxe5 {[%clk 1:14:02]} Bxe5 {[%clk 1:15:16]} 16. Qc2
{[%clk 1:07:01]} Bd7 {[%clk 1:05:28]} 17. Qxc7 {[%clk 1:02:16]} Bxc7
{[%clk 1:05:53]} 18. Be3 {[%clk 0:53:59]} Be5 {[%clk 0:46:48]} 19. Re2
{[%clk 0:47:28]} Ng4 {[%clk 0:37:05]} 20. Bc5 {[%clk 0:44:34]} Rfc8
{[%clk 0:35:15]} 21. Bb4 {[%clk 0:40:22]} Re8 {[%clk 0:26:13]} 22. Rd1
{[%clk 0:34:28]} Rac8 {[%clk 0:18:53]} 23. Nf1 {[%clk 0:20:50]} Nf6
{[%clk 0:13:17]} 24. Ne3 {[%clk 0:16:55]} Bc6 {[%clk 0:10:40]} 25. Nf5
{[%clk 0:15:38]} Rc7 {[%clk 0:06:24]} 26. Rxe5 {[%clk 0:13:35]} Rxe5
{[%clk 0:06:23]} 27. Bd6 {[%clk 0:14:04]} Rxf5 {[%clk 0:04:52]} 28. Bxf5
{[%clk 0:14:19]} Ba4 {[%clk 0:04:59]} 29. b3 {[%clk 0:09:08]} Rc6
{[%clk 0:05:20]} 30. Bb8 {[%clk 0:06:27]} Bb5 {[%clk 0:04:31]} 31. f3
{[%clk 0:05:33]} a5 {[%clk 0:04:21]} 32. a4 {[%clk 0:04:24]} Ba6 {[%clk 0:04:45]}
33. Be5 {[%clk 0:04:36]} g6 {[%clk 0:04:05]} 34. Bd3 {[%clk 0:03:23]} Bxd3
{[%clk 0:04:13]} 35. Rxd3 {[%clk 0:03:52]} Kf7 {[%clk 0:04:32]} 36. Bxf6
{[%clk 0:03:58]} Kxf6 {[%clk 0:05:00]} 37. Rxd5 {[%clk 0:04:18]} b6
{[%clk 0:05:18]} 38. Rb5 {[%clk 0:04:01]} h5 {[%clk 0:05:16]} 39. Kf2
{[%clk 0:03:53]} Ke6 {[%clk 0:05:30]} 40. Ke3 {[%clk 0:03:52]} Kf6
{[%clk 0:05:47]} 41. h4 {[%clk 0:03:10]} Ke6 {[%clk 0:06:11]} 42. Kf4
{[%clk 0:03:22]} Kf7 {[%clk 0:06:25]} 43. Kg5 {[%clk 0:02:48]} Kg7
{[%clk 0:06:43]} 44. Rd5 {[%clk 0:02:18]} Kf7 {[%clk 0:06:25]} 45. Rd7+
{[%clk 0:02:06]} Kg8 {[%clk 0:06:36]} 46. Rb7 {[%clk 0:02:19]} Kf8
{[%clk 0:06:48]} 47. Kh6 {[%clk 0:01:36]} Ke8 {[%clk 0:06:03]} 48. Kg5
{[%clk 0:00:32]} Kf8 {[%clk 0:06:20]} 49. Kh6 {[%clk 0:00:59]} Ke8
{[%clk 0:06:41]} 50. Rg7 {[%clk 0:01:03]} Rc3 {[%clk 0:06:42]} 51. Kxg6
{[%clk 0:00:55]} Rxb3 {[%clk 0:07:03]} 52. Rb7 {[%clk 0:00:42]} Rb4
{[%clk 0:06:44]} 53. Kxh5 {[%clk 0:00:55]} Rxa4 {[%clk 0:07:03]} 54. Rxb6
{[%clk 0:01:20]} Ra2 {[%clk 0:07:22]} 55. g4 {[%clk 0:01:36]} a4 {[%clk 0:07:41]}
56. Ra6 {[%clk 0:02:02]} a3 {[%clk 0:07:35]} 57. g5 {[%clk 0:02:25]} Ra1
{[%clk 0:07:45]} 58. f4 {[%clk 0:02:31]} a2 {[%clk 0:08:10]} 59. f5
{[%clk 0:02:46]} Rf1 {[%clk 0:08:19]} 60. Rxa2 {[%clk 0:03:15]} Rxf5
{[%clk 0:08:39]} 61. Kg6 {[%clk 0:03:36]} Rb5 {[%clk 0:08:50]} 62. Rf2
{[%clk 0:04:01]} Rb4 {[%clk 0:09:01]} 63. h5 {[%clk 0:04:29]} Rb7
{[%clk 0:09:06]} 64. h6 {[%clk 0:04:51]} Rb4 1-0

[Event "EUYCC 2024 U12"]
[Site "?"]
[Date "2024.08.10"]
[Round "6.3"]
[White "Sabou, Stefania Theodora"]
[Black "Vancakova, Veronika"]
[Result "1-0"]
[BlackElo "1776"]
[WhiteElo "1781"]
[LiveChessVersion "1.4.8"]

1. c4 {[%clk 1:30:55]} Nf6 {[%clk 1:30:54]} 2. Nc3 {[%clk 1:31:17]} g6
{[%clk 1:31:17]} 3. g3 {[%clk 1:31:34]} Bg7 {[%clk 1:31:35]} 4. Bg2
{[%clk 1:31:55]} d6 {[%clk 1:31:57]} 5. e4 {[%clk 1:32:13]} c5 {[%clk 1:31:22]}
6. Nge2 {[%clk 1:32:04]} Nc6 {[%clk 1:31:25]} 7. O-O {[%clk 1:31:56]} O-O
{[%clk 1:27:07]} 8. d3 {[%clk 1:29:23]} Ne8 {[%clk 1:27:01]} 9. Be3
{[%clk 1:26:14]} Nd4 {[%clk 1:26:04]} 10. Qd2 {[%clk 1:24:52]} Nc7
{[%clk 1:22:50]} 11. Bh6 {[%clk 1:16:53]} Rb8 {[%clk 1:16:12]} 12. Bxg7
{[%clk 1:02:52]} Kxg7 {[%clk 1:16:33]} 13. f4 {[%clk 1:02:04]} f5
{[%clk 1:14:41]} 14. Rae1 {[%clk 0:58:16]} a6 {[%clk 1:08:37]} 15. Kh1
{[%clk 0:52:52]} b5 {[%clk 1:06:04]} 16. cxb5 {[%clk 0:51:34]} axb5
{[%clk 0:52:09]} 17. Nxd4 {[%clk 0:24:46]} cxd4 {[%clk 0:51:54]} 18. Nd5
{[%clk 0:24:38]} Nxd5 {[%clk 0:34:51]} 19. exd5 {[%clk 0:25:05]} Kf7
{[%clk 0:32:03]} 20. Qb4 {[%clk 0:21:35]} Qb6 {[%clk 0:31:40]} 21. g4
{[%clk 0:19:34]} fxg4 {[%clk 0:28:23]} 22. Re4 {[%clk 0:19:46]} Ra8
{[%clk 0:27:54]} 23. Qe1 {[%clk 0:17:50]} Ra7 {[%clk 0:25:59]} 24. Qh4
{[%clk 0:15:49]} Bf5 {[%clk 0:17:33]} 25. Qxh7+ {[%clk 0:15:09]} Ke8
{[%clk 0:17:56]} 26. Rc1 {[%clk 0:15:21]} Rc7 {[%clk 0:15:22]} 27. Ree1
{[%clk 0:14:54]} Bxd3 {[%clk 0:12:56]} 28. Rc6 Qb7 {[%clk 0:09:54]} 29. Rxd6
{[%clk 0:15:18]} Bf5 {[%clk 0:08:24]} 30. Qg7 {[%clk 0:12:19]} Rc8
{[%clk 0:03:10]} 31. Rb6 {[%clk 0:09:14]} Qd7 {[%clk 0:02:52]} 32. d6
{[%clk 0:09:14]} e6 {[%clk 0:01:54]} 33. Qxd4 {[%clk 0:09:32]} Rc4
{[%clk 0:00:59]} 34. Qe5 {[%clk 0:07:11]} Rc2 {[%clk 0:00:38]} 35. Rb7
{[%clk 0:06:50]} Qd8 {[%clk 0:00:36]} 36. Qxb5+ {[%clk 0:07:12]} 1-0

[Event "EUYCC 2024 U12"]
[Site "?"]
[Date "2024.08.10"]
[Round "6.4"]
[White "Fadeev, Justin Michael"]
[Black "Velim, Vojtech"]
[Result "0-1"]
[BlackElo "1926"]
[WhiteElo "1762"]
[LiveChessVersion "1.4.8"]

1. e4 {[%clk 1:30:58]} c6 {[%clk 1:30:19]} 2. Nf3 {[%clk 1:31:00]} d5
{[%clk 1:30:41]} 3. Nc3 {[%clk 1:31:23]} dxe4 {[%clk 1:30:56]} 4. Nxe4
{[%clk 1:31:00]} Nf6 {[%clk 1:31:20]} 5. Nxf6+ {[%clk 1:29:33]} exf6
{[%clk 1:31:43]} 6. Bc4 {[%clk 1:28:09]} Bd6 {[%clk 1:31:56]} 7. O-O
{[%clk 1:28:20]} O-O {[%clk 1:31:47]} 8. d4 {[%clk 1:25:11]} Nd7 {[%clk 1:31:37]}
9. Be3 {[%clk 1:24:41]} Re8 {[%clk 1:31:56]} 10. d5 {[%clk 1:21:05]} c5
{[%clk 1:28:05]} 11. Bd3 {[%clk 1:17:51]} Nf8 {[%clk 1:27:47]} 12. h3
{[%clk 1:17:01]} Ng6 {[%clk 1:21:46]} 13. c4 {[%clk 1:13:37]} Bc7
{[%clk 1:19:40]} 14. Bxc5 {[%clk 1:07:22]} b6 {[%clk 1:11:19]} 15. Be3
{[%clk 1:04:05]} Qd6 {[%clk 1:11:29]} 16. Bxg6 {[%clk 1:03:53]} hxg6
{[%clk 1:11:42]} 17. Qd2 {[%clk 0:59:58]} g5 {[%clk 1:09:50]} 18. b4
{[%clk 0:59:28]} Rd8 {[%clk 1:08:17]} 19. Rfd1 {[%clk 0:57:39]} Bb7
{[%clk 1:08:36]} 20. Qc3 {[%clk 0:51:09]} Qd7 {[%clk 1:05:51]} 21. Rd4
{[%clk 0:46:19]} Rac8 {[%clk 1:02:21]} 22. Qd2 {[%clk 0:43:31]} Bd6
{[%clk 0:58:50]} 23. Rc1 {[%clk 0:41:53]} Qe7 {[%clk 0:46:26]} 24. a3
{[%clk 0:39:36]} Rc7 {[%clk 0:36:58]} 25. h4 {[%clk 0:34:38]} gxh4
{[%clk 0:32:59]} 26. Rxh4 {[%clk 0:33:00]} g5 {[%clk 0:26:44]} 27. Bxg5
{[%clk 0:22:39]} fxg5 {[%clk 0:26:59]} 28. Nxg5 {[%clk 0:22:58]} Bc8
{[%clk 0:23:48]} 29. Re1 {[%clk 0:13:20]} Qf8 {[%clk 0:21:00]} 30. Ne4
{[%clk 0:02:46]} f5 {[%clk 0:19:43]} 31. Qg5+ {[%clk 0:01:56]} Rg7
{[%clk 0:19:58]} 32. Nf6+ Kf7 {[%clk 0:20:21]} 33. Rh7 {[%clk 0:00:42]} Rxh7
{[%clk 0:19:32]} 34. Nxh7 {[%clk 0:01:06]} Qh8 {[%clk 0:19:42]} 35. c5
{[%clk 0:00:39]} bxc5 {[%clk 0:19:22]} 36. bxc5 {[%clk 0:01:04]} Bxc5
{[%clk 0:19:44]} 37. Rc1 {[%clk 0:01:01]} Rxd5 {[%clk 0:18:25]} 38. Qh4
{[%clk 0:00:45]} Kg6 {[%clk 0:14:27]} 39. Qc4 {[%clk 0:00:35]} Be6
{[%clk 0:13:48]} 40. Re1 {[%clk 0:00:43]} Re5 {[%clk 0:13:56]} 41. Nf8+
{[%clk 0:00:49]} Qxf8 {[%clk 0:14:13]} 0-1

[Event "EUYCC 2024 U12"]
[Site "?"]
[Date "2024.08.10"]
[Round "6.5"]
[White "Kala, Jakub"]
[Black "Duchatel, Cyrielle"]
[Result "1/2-1/2"]
[BlackElo "1636"]
[WhiteElo "1949"]
[LiveChessVersion "1.4.8"]

1. Nf3 {[%clk 1:30:57]} d5 {[%clk 1:30:25]} 2. c4 {[%clk 1:31:18]} e6
{[%clk 1:30:25]} 3. e3 {[%clk 1:31:42]} Nf6 {[%clk 1:30:09]} 4. Nc3
{[%clk 1:31:54]} Be7 {[%clk 1:30:04]} 5. b3 {[%clk 1:32:06]} O-O {[%clk 1:29:37]}
6. Bb2 {[%clk 1:32:20]} Nbd7 {[%clk 1:28:39]} 7. Qc2 {[%clk 1:30:09]} c5
{[%clk 1:26:01]} 8. Be2 {[%clk 1:24:11]} b6 {[%clk 1:23:18]} 9. Rg1
{[%clk 1:16:58]} Bb7 {[%clk 1:18:47]} 10. g4 {[%clk 1:10:18]} Re8
{[%clk 1:06:03]} 11. g5 {[%clk 1:03:14]} Ne4 {[%clk 1:00:28]} 12. h4
{[%clk 1:01:46]} Bf8 {[%clk 0:47:13]} 13. h5 {[%clk 0:54:57]} Nxc3
{[%clk 0:31:08]} 14. Qxc3 {[%clk 0:39:05]} e5 {[%clk 0:28:11]} 15. cxd5
{[%clk 0:35:00]} Bxd5 {[%clk 0:26:49]} 16. Nh4 {[%clk 0:31:52]} Qc7
{[%clk 0:21:22]} 17. Rg3 {[%clk 0:19:32]} Rac8 {[%clk 0:19:02]} 18. f3
{[%clk 0:16:04]} c4 {[%clk 0:11:52]} 19. b4 {[%clk 0:15:43]} b5 {[%clk 0:11:49]}
20. a3 {[%clk 0:11:09]} Nb6 {[%clk 0:11:10]} 21. Qc2 {[%clk 0:11:24]} Na4
{[%clk 0:09:09]} 22. Bc3 {[%clk 0:11:44]} Nxc3 {[%clk 0:09:18]} 23. dxc3
{[%clk 0:11:19]} a5 {[%clk 0:06:40]} 24. Kf2 {[%clk 0:10:36]} Qd6
{[%clk 0:04:43]} 25. Nf5 {[%clk 0:08:56]} Qb6 {[%clk 0:03:39]} 26. Rag1
{[%clk 0:08:10]} Be6 {[%clk 0:02:13]} 27. Rh1 {[%clk 0:03:15]} Bxf5
{[%clk 0:01:27]} 28. Qxf5 {[%clk 0:03:43]} Qe6 {[%clk 0:01:42]} 29. Qe4
{[%clk 0:03:59]} Qc6 {[%clk 0:01:42]} 30. Qc2 {[%clk 0:01:36]} axb4
{[%clk 0:01:19]} 31. axb4 {[%clk 0:01:57]} Ra8 {[%clk 0:01:34]} 32. Rd1
{[%clk 0:01:20]} Red8 {[%clk 0:01:49]} 33. g6 {[%clk 0:01:33]} fxg6
{[%clk 0:01:39]} 34. hxg6 {[%clk 0:01:58]} h6 {[%clk 0:01:33]} 35. Qf5
{[%clk 0:01:49]} Qf6 {[%clk 0:01:25]} 36. Qxf6 {[%clk 0:00:51]} gxf6
{[%clk 0:01:51]} 37. Rgg1 {[%clk 0:01:05]} Rd6 {[%clk 0:01:18]} 38. g7
{[%clk 0:01:01]} Be7 {[%clk 0:01:30]} 39. Ra1 {[%clk 0:00:33]} 1/2-1/2

[Event "EUYCC 2024 U12"]
[Site "?"]
[Date "2024.08.10"]
[Round "6.6"]
[White "Kopecny, Filip"]
[Black "Janaszak, Amelia"]
[Result "1-0"]
[BlackElo "1424"]
[WhiteElo "2008"]
[LiveChessVersion "1.4.8"]

1. c4 {[%clk 1:30:39]} e6 {[%clk 1:30:34]} 2. d4 {[%clk 1:30:33]} f5
{[%clk 1:29:09]} 3. Nc3 {[%clk 1:27:05]} Bb4 {[%clk 1:24:34]} 4. e3
{[%clk 1:21:14]} Bxc3+ {[%clk 1:20:05]} 5. bxc3 {[%clk 1:21:37]} Nf6
{[%clk 1:19:05]} 6. Bd3 {[%clk 1:19:20]} d6 {[%clk 1:09:28]} 7. Ne2
{[%clk 1:17:08]} O-O {[%clk 1:06:23]} 8. O-O {[%clk 1:15:06]} b6 {[%clk 1:00:54]}
9. Ba3 {[%clk 1:12:48]} c5 {[%clk 0:52:20]} 10. Rb1 {[%clk 1:09:21]} Qe8
{[%clk 0:49:00]} 11. Qb3 {[%clk 0:56:47]} Qg6 {[%clk 0:38:35]} 12. f3
{[%clk 0:37:17]} Bd7 {[%clk 0:21:21]} 13. Qc2 {[%clk 0:25:33]} Qg5
{[%clk 0:12:36]} 14. Bc1 {[%clk 0:23:00]} Qh5 {[%clk 0:10:55]} 15. e4
{[%clk 0:18:34]} fxe4 {[%clk 0:09:19]} 16. fxe4 {[%clk 0:18:25]} Nc6
{[%clk 0:06:58]} 17. Nf4 {[%clk 0:17:53]} Qe8 {[%clk 0:06:27]} 18. Be3
{[%clk 0:10:49]} Rb8 {[%clk 0:03:46]} 19. Rf3 {[%clk 0:06:03]} Rf7
{[%clk 0:00:58]} 20. Rbf1 {[%clk 0:06:00]} Qe7 {[%clk 0:00:40]} 21. e5
{[%clk 0:04:31]} dxe5 {[%clk 0:00:49]} 22. Bxh7+ {[%clk 0:04:34]} Kf8
{[%clk 0:00:43]} 23. Ng6+ {[%clk 0:04:59]} Ke8 {[%clk 0:00:56]} 24. Nxe7
{[%clk 0:05:24]} Rxe7 {[%clk 0:01:13]} 25. d5 {[%clk 0:05:09]} exd5
{[%clk 0:01:16]} 26. cxd5 {[%clk 0:05:29]} Na5 {[%clk 0:01:30]} 27. d6
{[%clk 0:05:17]} Re6 {[%clk 0:01:43]} 28. Qg6+ {[%clk 0:05:38]} Kd8
{[%clk 0:01:45]} 29. Qxg7 {[%clk 0:05:25]} Nxh7 {[%clk 0:01:44]} 30. Rf8+
{[%clk 0:05:34]} Re8 {[%clk 0:01:42]} 31. Rxe8+ {[%clk 0:05:56]} Bxe8
{[%clk 0:02:02]} 32. Qc7# {[%clk 0:06:21]} 1-0